El país de Lenin: panorama general de la U.R.S.S

I tiakina i:
Ngā taipitopito rārangi puna kōrero
Kaituhi matua: Orrego Vicuña, Eugenio (autor)
Hōputu: Pukapuka
Reo:Pāniora
I whakaputaina: Santiago Universitaria 1932
Ngā marau:
Ngā Tūtohu: Tāpirihia he Tūtohu
Kāore He Tūtohu, Me noho koe te mea tuatahi ki te tūtohu i tēnei pūkete!

MARC

LEADER 00000nam a2200000 a 4500
001 UCO1694
003 CL-VaPUC
008 000519e19320000CL |||||||||||||||||spa|d
082 0 4 |a 947.084  |b ORR  |2 21 
100 |a Orrego Vicuña, Eugenio  |e autor  |9 444141 
245 1 3 |a El país de Lenin: panorama general de la U.R.S.S 
300 |a 395 p 
942 |c BK 
945 |d 20000519 00:00:00  |a rherrera 
260 |a Santiago  |b Universitaria  |c 1932 
650 7 |a HISTORIA DE RUSIA SIGLO 20  |2 CL-VaPUC  |9 444142 
650 0 |a Socialismo  |9 255260 
650 0 |a Sistemas de gobiernos   |9 330159 
650 7 |a ECONOMIA SOVIETICA  |2 CL-VaPUC  |9 437163 
651 0 |a Rusia   |9 256106 
583 |a last modification  |c 20160912 04:17:21  |k Rodrigo Vera 
999 |c 288298  |d 288296 
952 |0 0  |1 0  |4 0  |6 947_084000000000000_ORR_1932  |7 0  |8 X  |9 335882  |a BIBHIS  |b BIBHIS  |d 2019-11-20  |i 128259K  |o 947.084 ORR 1932  |p 128259K  |r 2024-01-30  |w 2019-11-20  |y BK_X  |k HIS